[Event "Abierto"]
[Site "Pamplona ESP"]
[Date "2007.12.23"]
[Round "2"]
[White "Ladron de Guevara,F"]
[Black "Huerga Leache,M"]
[Result "1/2-1/2"]
[WhiteElo "2084"]
[BlackElo "2440"]

1.d4 Nf6 2.Nf3 e6 3.c4 Bb4+ 4.Bd2 Qe7 5.g3 Nc6 6.Bg2 Bxd2+ 7.Nbxd2 a5 8.O-O d6
9.e4 e5 10.d5 Nb8 11.Ne1 h5 12.h3 h4 13.g4 Nfd7 14.Nd3 O-O 15.Qc2 c6 16.f4 exf4
17.Rxf4 Ne5 18.Nxe5 Qxe5 19.Raf1 Nd7 20.R4f2 Nc5 21.Nf3 Qg3 22.e5 f5 23.exf6 Rxf6
24.Ng5 Qd3 25.Qxd3 Nxd3 26.Rxf6 gxf6 27.Rxf6 Nxb2 28.dxc6 bxc6 29.Rxd6 Nxc4
30.Bxc6 Nxd6 31.Bxa8 Kg7 32.Kf2 Kf6 33.Nf3 Be6 34.Nxh4 Bxa2 35.Ke3 a4 36.Kd2 a3
37.Kc2 Be6 38.Nf3 Nc4 39.Kb1 Bg8 40.Bc6 Ne5 41.g5+ Kf5 42.Nxe5 Kxe5 43.Bd7 Kf4
44.g6 Kg5 45.Be8 Be6 46.Bf7  1/2-1/2

[Event "Harmonie Open A"]
[Site "Groningen NED"]
[Date "2007.12.27"]
[Round "6"]
[White "Goudriaan,E"]
[Black "Pham Toan Thanh"]
[Result "0-1"]
[WhiteElo "2123"]
[BlackElo "2100"]

1.d4 Nf6 2.Nf3 e6 3.c4 Bb4+ 4.Bd2 Qe7 5.Nc3 Nc6 6.Qc2 d6 7.a3 Bxc3 8.Bxc3 O-O
9.e4 e5 10.d5 Nb8 11.h3 Nh5 12.Qd1 g6 13.g3 f5 14.exf5 Bxf5 15.Bg2 Nd7 16.O-O Nhf6
17.Nh4 Nc5 18.Nxf5 gxf5 19.f3 Nh5 20.b4 Nd7 21.Be1 f4 22.g4 Ng3 23.Bxg3 fxg3
24.Qe1 Rf4 25.Qxg3 Nb6 26.Rae1 Qf7 27.Re4 Nxc4 28.Rfe1 Rf8 29.Rxf4 exf4 30.Qh4 Ne3
31.Qg5+ Qg7 32.Qxg7+ Kxg7 33.Bf1 Kf6 34.Bd3 Kg5 35.Be4 h6 36.Kf2 Kf6 37.Rc1 Rf7
38.Rc3 Nd1+  0-1

[Event "Weihnachtsopen Meister"]
[Site "Zurich SUI"]
[Date "2007.12.30"]
[Round "7"]
[White "Pelletier,Y"]
[Black "Benkovic,P"]
[Result "1/2-1/2"]
[WhiteElo "2609"]
[BlackElo "2469"]

1.d4 Nf6 2.c4 e6 3.Nf3 Bb4+ 4.Bd2 Bxd2+ 5.Qxd2 d5 6.g3 O-O 7.Bg2 Qe7 8.Qc2 Rd8
9.O-O Nc6 10.Rd1 Bd7 11.Nbd2 Be8 12.Rac1 Nb4 13.Qb1 dxc4 14.a3 Na6 15.Nxc4 c5
16.dxc5 Nxc5 17.Nd4  1/2-1/2

[Event "XXXIII Open"]
[Site "Sevilla ESP"]
[Date "2008.01.07"]
[Round "3"]
[White "Mirzoev,A"]
[Black "Van Hoolandt,P"]
[Result "1-0"]
[WhiteElo "2518"]
[BlackElo "2216"]

1.d4 Nf6 2.c4 e6 3.Nf3 Bb4+ 4.Bd2 c5 5.Bxb4 cxb4 6.g3 O-O 7.Bg2 d6 8.O-O Qe7
9.Qb3 a5 10.a3 Na6 11.Nbd2 e5 12.e4 b6 13.Rfe1 Re8 14.h3 Qc7 15.Qd3 Bb7 16.Nh4 bxa3
17.bxa3 g6 18.Rab1 Nb8 19.Nhf3 Nc6 20.Qe3 Nd7 21.h4 f6 22.Bh3 Ncb8 23.h5 Ra6
24.Rb2 Bc8 25.Reb1 Kg7 26.Bf1 exd4 27.Nxd4 Nc5 28.Nb5 Qe7 29.Nc3 Nbd7 30.Nd5 Qd8
31.h6+ Kf7 32.f4 Na4 33.Rc2 Ndc5 34.Qd4 Bd7 35.Bg2 Bc6 36.Nf1 Bxd5 37.cxd5 Qe7
38.Re2 Ra7 39.Nd2 Rb7 40.Nc4 Rbb8 41.e5 dxe5 42.fxe5 Kf8 43.exf6 Qf7 44.Rxe8+ Qxe8
45.d6 Qe2 46.f7  1-0

[Event "ch-CUB"]
[Site "Santa Clara CUB"]
[Date "2008.01.10"]
[Round "3"]
[White "Almeida Quintana,O"]
[Black "Alvarez,Jose1"]
[Result "1/2-1/2"]
[WhiteElo "2500"]
[BlackElo "2384"]

1.d4 Nf6 2.Nf3 e6 3.c4 Bb4+ 4.Bd2 Qe7 5.g3 Nc6 6.Bg2 Bxd2+ 7.Nbxd2 d6 8.O-O a5
9.e4 e5 10.d5 Nb8 11.Ne1 O-O 12.Nd3 Na6 13.a3 Bg4 14.f3 Bd7 15.f4 a4 16.Qc2 Ng4
17.Rae1 Nh6 18.h3 f6 19.Qc3 b6 20.Nb4 Nc5 21.Rf2 Nf7 22.f5 Rfc8 23.Qe3 Nd8
24.Bf1 Ndb7 25.g4 Na5 26.Rg2 Ncb3 27.Nf3 Kh8 28.g5 Nd4 29.Nxd4 exd4 30.Qxd4 fxg5
31.Nd3 Nb3 32.Qe3 Nc5 33.Nf2 Rf8 34.Qxg5 Qxg5 35.Rxg5 Rae8 36.Re2 Re7 37.Kg2 b5
38.cxb5 Bxb5 39.Rc2 Bxf1+ 40.Kxf1 Nxe4 41.Nxe4 Rxe4 42.Rxc7 h6 43.Rgxg7 Rxf5+
44.Kg2 h5  1/2-1/2

[Event "Paul Keres Mem GMA"]
[Site "Tallinn EST"]
[Date "2008.01.11"]
[Round "8"]
[White "Gavrilov,Al1"]
[Black "Yemelin,V"]
[Result "1/2-1/2"]
[WhiteElo "2491"]
[BlackElo "2562"]

1.d4 Nf6 2.c4 e6 3.Nf3 Bb4+ 4.Bd2 c5 5.Bxb4 cxb4 6.a3 bxa3 7.Nxa3 O-O 8.e3 Nc6
9.Be2 b6 10.O-O Bb7 11.Nb5 d5 12.cxd5 Nxd5 13.Ra3 Qe7  1/2-1/2

[Event "6th Parsvnath Open"]
[Site "New Delhi IND"]
[Date "2008.01.17"]
[Round "7"]
[White "Batyrov,S"]
[Black "Priyadharshan,K"]
[Result "1/2-1/2"]
[WhiteElo "2471"]
[BlackElo "2297"]

1.d4 Nf6 2.Nf3 e6 3.c4 Bb4+ 4.Bd2 Qe7 5.Qb3 Bxd2+ 6.Nbxd2 d6 7.e4 e5 8.d5 Nbd7
9.g3 Nc5 10.Qc2 a5 11.Bg2 O-O 12.O-O Nh5 13.Ne1 f5 14.Nd3 Nxe4 15.Nxe4 fxe4
16.Bxe4 Nf6 17.Bg2 Bf5 18.Rfe1 Qf7 19.Rad1 b6 20.b3 Rae8 21.Qd2 Qh5 22.f3 Qg6
23.a3 h5 24.b4 axb4 25.axb4 h4 26.g4 Bxd3 27.Qxd3 Qxd3 28.Rxd3 e4 29.Rde3 g5
30.h3 exf3  1/2-1/2

[Event "Winter Open"]
[Site "Belgrade SRB"]
[Date "2008.01.23"]
[Round "2"]
[White "Pantovic,D"]
[Black "Benderac,A"]
[Result "1/2-1/2"]
[WhiteElo "2171"]
[BlackElo "2324"]

1.d4 e6 2.c4 Nf6 3.Nf3 Bb4+ 4.Bd2 Bxd2+ 5.Qxd2 b6 6.g3 Bb7 7.Bg2 d6 8.Nc3 Nbd7
9.Qc2 O-O 10.O-O a6 11.e4 c5 12.e5 dxe5 13.dxe5 Bxf3 14.exf6 Qxf6 15.Ne4 Qf5
16.Bxf3 Qxf3 17.Rad1 Ne5 18.Rd6 Rad8 19.Rfd1 Rxd6 20.Rxd6 Qf5 21.Qe2 Nf3+
22.Kg2 Nd4 23.Qe3 Rb8 24.Rd7 f6 25.Ra7 a5 26.Nc3 Nc6 27.Rc7 Ne5 28.b3 h5
29.Qe4 Qxe4+ 30.Nxe4 Rd8 31.f4 Ng4 32.h3 Rd4 33.hxg4 Rxe4 34.Kf3 Rd4 35.gxh5 Rd3+
36.Kg4 f5+ 37.Kh4 Rd2 38.Rc6 Kf7 39.Kh3 Rxa2 40.Rxb6 a4 41.b4 cxb4 42.Rxb4 a3
43.Rb7+ Kf6 44.Ra7 g5 45.hxg6 Kxg6 46.c5 Ra1 47.c6  1/2-1/2

[Event "Winter Open"]
[Site "Belgrade SRB"]
[Date "2008.01.24"]
[Round "3"]
[White "Radusinovic,L"]
[Black "Simic,St"]
[Result "1/2-1/2"]
[WhiteElo "2079"]
[BlackElo "1796"]

1.d4 Nf6 2.c4 e6 3.Nf3 Bb4+ 4.Bd2 Bxd2+ 5.Nbxd2 O-O 6.e3 d5 7.Bd3 b6 8.O-O Bb7
9.Rc1 Nbd7 10.cxd5 exd5 11.Ne5 c5 12.Ndf3 c4 13.Bf5 g6 14.Bxd7 Nxd7 15.Qa4 Nxe5
16.Nxe5 f6 17.Nf3 Qd6 18.b3 Bc6 19.Qa6 Rfb8 20.bxc4 Qd7 21.Rb1 dxc4 22.Qxc4+ Bd5
23.Qe2 Rc8 24.Rfc1 Rxc1+ 25.Rxc1 Rc8 26.Rc2 Be4 27.Rxc8+ Qxc8 28.h3 Qc1+
29.Kh2 Qc7+ 30.Kg1 Qc1+ 31.Kh2 Qc7+  1/2-1/2

[Event "6th ch-PriFO Men"]
[Site "Kazan RUS"]
[Date "2008.01.25"]
[Round "3"]
[White "Mullin,Z"]
[Black "Gerasimov,I"]
[Result "0-1"]
[WhiteElo "2050"]
[BlackElo "2289"]

1.d4 Nf6 2.c4 e6 3.Nf3 Bb4+ 4.Bd2 c5 5.Bxb4 cxb4 6.Qa4 Nc6 7.a3 a5 8.axb4 Nxb4
9.Nc3 O-O 10.g3 b6 11.Bg2 Ba6 12.Nd2 Rc8 13.Qb3 Qc7 14.O-O Bxc4 15.Nxc4 Qxc4
16.Qxc4 Rxc4 17.Rfd1 d5 18.Bf1 Ne4 19.Na4 Rc6 20.f3 Nd6 21.Nc3 Rfc8 22.e4 dxe4
23.fxe4 Nc2 24.d5 exd5 25.Nxd5 Nxa1 26.Ne7+ Kf8 27.Nxc8 Nxc8 28.Rxa1 Ke7
29.Rb1 Nd6 30.Bd3 Nc4 31.Rc1 Ne5 32.Rxc6 Nxc6 33.Kf2 Kd6 34.Ke3 Ke5 35.Bc4 f6
36.h4 Nd4 37.g4 h6 38.Bd5 Ne6 39.Bc6 Nc5 40.Bd5 Na4 41.b3 Nc5 42.Kf3 Kd4
43.Kf4 Kc3 44.Kf5 Nxb3 45.Kg6 a4 46.Kxg7 a3 47.Kxf6 a2 48.Kg6 a1=Q 49.Kxh6 Nc5  0-1

[Event "ch-Reykjavik"]
[Site "Reykjavik ISL"]
[Date "2008.01.25"]
[Round "9"]
[White "Johannesson,I"]
[Black "Gretarsson,Hj"]
[Result "1/2-1/2"]
[WhiteElo "2338"]
[BlackElo "2247"]

1.d4 Nf6 2.c4 e6 3.Nf3 Bb4+ 4.Bd2 Qe7 5.Nc3 Nc6 6.Qc2 d6 7.a3 Bxc3 8.Bxc3 a5
9.b3 e5 10.d5 Nb8 11.e4 O-O 12.g3 Nh5 13.Nd2 g6 14.Qd1 Ng7 15.Qe2 f5 16.exf5 Bxf5
17.Bg2 Na6 18.Ne4 Bxe4 19.Qxe4 Nc5 20.Qc2 Qf7 21.O-O Qf5 22.Qb2 Nh5 23.Rad1 b6
24.f3 Qg5 25.Bd2 Qe7 26.Bh3 Ng7 27.Bh6 Rf7 28.Bxg7 Kxg7 29.b4 axb4 30.axb4 Nd7
31.f4 Raf8 32.Be6 Rf6 33.Bxd7 Qxd7 34.fxe5 Rxf1+ 35.Rxf1 Rxf1+ 36.Kxf1 Qf5+  1/2-1/2

[Event "Winter Open"]
[Site "Belgrade SRB"]
[Date "2008.01.26"]
[Round "5"]
[White "Vujosevic,D"]
[Black "Grbic,Br"]
[Result "1-0"]
[WhiteElo "1996"]
[BlackElo "1782"]

1.d4 Nf6 2.c4 e6 3.Nf3 Bb4+ 4.Bd2 Bxd2+ 5.Nbxd2 b6 6.g3 Bb7 7.Bg2 O-O 8.O-O d6
9.Qc2 Nbd7 10.Rad1 Qe7 11.e4 e5 12.d5 Rac8 13.b4 c6 14.dxc6 Bxc6 15.Qd3 a6
16.Nh4 g6 17.Qe3 b5 18.Rfe1 Bb7 19.cxb5 axb5 20.Bf1 Bc6 21.a3 Rfd8 22.f3 d5
23.Qg5 d4 24.Nb3 Kh8 25.Na5 Nb6 26.Nxc6 Rxc6 27.Bxb5 Rc3 28.Rd3 Rxd3 29.Bxd3 Ra8
30.Qc1 Rc8 31.Qb1 Rc3 32.Rc1 Na4 33.Bf1 Rxa3 34.Rc6 Nc3 35.Qc1 Rb3 36.b5 Nxb5
37.Rb6 Rc3 38.Qg5 Nd6 39.f4 Ndxe4 40.Rb8+  1-0

[Event "6th Gibtelecom Masters"]
[Site "Gibraltar ENG"]
[Date "2008.01.30"]
[Round "9"]
[White "Heinis,V"]
[Black "Campbell,I"]
[Result "1/2-1/2"]
[WhiteElo "2184"]
[BlackElo "2024"]

1.d4 Nf6 2.Nf3 e6 3.c4 Bb4+ 4.Bd2 a5 5.g3 b6 6.Bg2 Bb7 7.O-O Bxd2 8.Nbxd2 Qe7
9.Re1 d6 10.e4 e5 11.dxe5 dxe5 12.c5 O-O 13.Rc1 b5 14.Qb3 Bc6 15.Bf1 a4 16.Qc3 Nbd7
17.a3 g6 18.h4 h6 19.Bh3 Rfe8 20.Qe3 Kg7 21.Red1 Rad8 22.Ne1 Nf8 23.Nc2 Bd7
24.Bxd7 Rxd7 25.Nb4 Qe6 26.Nf1 Red8 27.Rxd7 Qxd7 28.c6 Qd4 29.Qxd4 exd4 30.f3 Ne6
31.Kf2  1/2-1/2

[Event "6th Gibtelecom Masters"]
[Site "Gibraltar ENG"]
[Date "2008.01.30"]
[Round "9"]
[White "Kuenitz,K"]
[Black "Hughes,Ro"]
[Result "0-1"]
[WhiteElo "1645"]
[BlackElo "2051"]

1.d4 Nf6 2.c4 e6 3.Nf3 Bb4+ 4.Bd2 Qe7 5.g3 O-O 6.Bg2 Nc6 7.O-O Bxd2 8.Nbxd2 d6
9.e3 e5 10.d5 Nd8 11.Qc2 a5 12.b3 b6 13.a4 Nb7 14.Rae1 Nc5 15.e4 Nh5 16.Nh4 g6
17.Ndf3 Ng7 18.h3 f5 19.exf5 g5 20.g4 gxh4 21.Nd4 Qf6 22.Nb5 Rf7 23.f4 exf4
24.Rxf4 Ba6 25.Nd4 Re8 26.Ne6 Ngxe6 27.dxe6 Rg7 28.Kh1 Bb7 29.Bxb7 Nxb7 30.Qf2 Nc5
31.Re3 h6 32.Kh2 Rge7 33.Kh1 Rd8 34.Qf3 Kg7 35.Kh2 Rf8 36.Qe2 Na6 37.Qg2 Qg5
38.Ref3 Rf6 39.Qb2 Nc5 40.Qc3 Na6 41.Qe3 Nb4 42.Qe4 Kh7 43.Kh1 Na6 44.Qa8 Nc5
45.Qd8 Qg7 46.Qa8 Rf8 47.Qd5 Qe5 48.Qd2 Ne4 49.Qe3 Ng3+ 50.Kg2 Qxe3 51.Rxe3 Kg7
52.Rd4 Kf6 53.Re1 Rg8 54.Kf3 Rg5 55.Kf2 h5 56.Rf4 hxg4 57.hxg4 Nxf5 58.Rh1 Kxe6
59.gxf5+ Rxf5 60.Rxh4 Rxf4+ 61.Rxf4 Rf7 62.Rxf7 Kxf7 63.Ke3 Ke6 64.Kd4 c6
65.Ke4 d5+ 66.Kd4 c5+ 67.Kc3  0-1

[Event "KNSB TCh-NED 2007-8"]
[Site "Netherlands NED"]
[Date "2008.02.09"]
[Round "6"]
[White "Delemarre,J"]
[Black "Deleyn,G"]
[Result "1-0"]
[WhiteElo "2470"]
[BlackElo "2304"]

1.d4 Nf6 2.c4 e6 3.Nf3 Bb4+ 4.Bd2 Qe7 5.g3 Nc6 6.Bg2 Bxd2+ 7.Nbxd2 O-O 8.O-O d6
9.e4 e5 10.d5 Nb8 11.Rc1 c5 12.Ne1 Kh8 13.Nd3 Nbd7 14.f4 Ne8 15.Qc2 f6 16.Qc3 Rg8
17.Rf2 Rb8 18.Qa3 Ra8 19.Rcf1 Nc7 20.Bh3 exf4 21.gxf4 b5 22.b3 Ne5 23.fxe5 Bxh3
24.exd6 Qxd6 25.Re1 b4 26.Qa5 Na6 27.Re3 Bg4 28.e5 fxe5 29.Ne4 Qb6 30.Nxe5 Bh5
31.Qxb6 axb6 32.Rh3 Be8 33.Ng5 h6 34.Rf7  1-0

[Event "Festival des Jeux"]
[Site "Cannes FRA"]
[Date "2008.02.16"]
[Round "8"]
[White "Horvath,Jo1"]
[Black "Cvitan,O"]
[Result "1/2-1/2"]
[WhiteElo "2519"]
[BlackElo "2535"]

1.d4 Nf6 2.Nf3 e6 3.c4 Bb4+ 4.Bd2 Qe7 5.g3 Nc6 6.Nc3 O-O 7.Bg2 Na5 8.b3 b6
9.Ne5 Bb7 10.O-O Bxg2 11.Kxg2 c5 12.dxc5 bxc5 13.Nd3 Nc6 14.Nxb4 cxb4 15.Na4 h6
16.Rc1 Rfd8 17.f3 Rac8 18.e4  1/2-1/2

[Event "TCh-BEL 2007-8"]
[Site "Belgium BEL"]
[Date "2008.02.17"]
[Round "9"]
[White "De Haan,E"]
[Black "Michiels,R"]
[Result "0-1"]
[WhiteElo "2332"]
[BlackElo "2215"]

1.d4 Nf6 2.c4 e6 3.Nf3 Bb4+ 4.Bd2 Be7 5.Nc3 d5 6.Bg5 h6 7.Bxf6 Bxf6 8.e3 O-O
9.Qc2 c6 10.O-O-O Nd7 11.h4 b5 12.cxb5 c5 13.g4 cxd4 14.exd4 Qc7 15.g5 Qf4+
16.Nd2 Bxd4 17.Ne2 Qxf2 18.gxh6 Bb7 19.Kb1 Rfc8 20.Qd3 Be3 21.Ne4 dxe4 22.Qxd7 Bd5
23.Rg1 Bxh6 24.Rg2 Qc5 25.Nc3 Rc7 26.Nxd5 Qc1+ 27.Rxc1 Rxc1+  0-1

[Event "2nd Int Open Congress"]
[Site "Brentwood ENG"]
[Date "2008.02.17"]
[Round "5"]
[White "Bonafont,P"]
[Black "Hanreck,A"]
[Result "1-0"]
[WhiteElo "2103"]
[BlackElo "2268"]

1.d4 Nf6 2.Nf3 e6 3.c4 Bb4+ 4.Bd2 Qe7 5.g3 Nc6 6.Bg2 Bxd2+ 7.Nbxd2 d6 8.e4 O-O
9.O-O a5 10.h3 e5 11.d5 Nb8 12.Ne1 Na6 13.f4 Nc5 14.f5 g5 15.Qe2 Kh8 16.Bf3 Rg8
17.Ng2 Bd7 18.Ne3 Rg7 19.Kg2 Rag8 20.Ng4 Nxg4 21.Bxg4 f6 22.Rh1 c6 23.Rh2 cxd5
24.cxd5 Qd8 25.Rah1 Be8 26.h4 gxh4 27.Rxh4 Qc7 28.Nf1 Nd7 29.R1h3 Nf8 30.Bf3 Qc5
31.Ne3 Qc1 32.Rh6 Nd7 33.Ng4 Rf8 34.Rh1 Qc5 35.Qd2 Rfg8 36.Rxh7+  1-0

[Event "TCh-HUN 2007-8"]
[Site "Budapest HUN"]
[Date "2008.02.17"]
[Round "6"]
[White "Szekeres,R"]
[Black "Toth,Li"]
[Result "1-0"]
[WhiteElo "2238"]
[BlackElo "2231"]

1.d4 Nf6 2.c4 e6 3.Nf3 Bb4+ 4.Bd2 c5 5.Bxb4 cxb4 6.g3 O-O 7.Bg2 d6 8.O-O Nc6
9.a3 bxa3 10.Rxa3 a5 11.Nc3 e5 12.d5 Nb4 13.Nd2 Qb6 14.h3 Nd7 15.Na4 Qc7
16.f4 f5 17.Kh2 e4 18.g4 Nf6 19.gxf5 Bxf5 20.Rg3 Rae8 21.e3 Kh8 22.Nc3 Na6
23.Nb5 Qb6 24.Nb3 Nc5 25.Qd4 Rc8 26.Ra1 Bd7 27.Rxa5 Ra8 28.Rxa8 Rxa8 29.Nxd6 Qxd6
30.Nxc5 Bf5 31.Rg5 Bg6 32.Ne6 Ra2 33.c5 Qa6 34.f5  1-0

[Event "XXIV Open"]
[Site "Cappelle La Grande FRA"]
[Date "2008.02.18"]
[Round "3"]
[White "Shneider,Alek"]
[Black "Paulet,I"]
[Result "1-0"]
[WhiteElo "2532"]
[BlackElo "2285"]

1.d4 Nf6 2.c4 e6 3.Nf3 Bb4+ 4.Bd2 Qe7 5.g3 Nc6 6.Nc3 Bxc3 7.Bxc3 Ne4 8.Rc1 d6
9.Bg2 Nxc3 10.Rxc3 O-O 11.d5 Nb8 12.dxe6 fxe6 13.O-O a5 14.c5 dxc5 15.Ne5 Nd7
16.Nxd7 Bxd7 17.Qc2 c6 18.Be4 h6 19.Rxc5 a4 20.a3 e5 21.Qc3 Rae8 22.Bg6 Rd8
23.Rxe5 Qd6 24.Bd3 Bh3 25.Qc4+ Kh8 26.Qe4 Kg8 27.Rd1 Qb8 28.Qh7+ Kf7 29.Qg6+  1-0

[Event "25th Festival Open A"]
[Site "Bled SLO"]
[Date "2008.02.24"]
[Round "3"]
[White "Khmelniker,I"]
[Black "Drasko,M"]
[Result "0-1"]
[WhiteElo "2469"]
[BlackElo "2540"]

1.d4 e6 2.c4 Nf6 3.Nf3 Bb4+ 4.Bd2 a5 5.Nc3 d6 6.g3 Qe7 7.Bg2 O-O 8.O-O e5
9.dxe5 dxe5 10.a3 Bxc3 11.Bxc3 Nc6 12.Qc2 a4 13.Rad1 Re8 14.Nh4 Qc5 15.Bxc6 Qxc6
16.Bd2 Be6 17.Rc1 Ne4 18.Bb4 Rad8 19.Rfd1 f6 20.Ng2 Rxd1+ 21.Qxd1 Bxc4 22.Ne3 Bxe2
23.Rxc6 Bxd1 24.Rxc7 Bf3 25.Nf5 Rd8 26.Ne7+ Kh8 27.Rc8 Rxc8 28.Nxc8 Ng5 29.h4 Ne6
30.Nb6 Bc6 31.Nc4 h5 32.Nd2 Bd5 33.f3 Kh7 34.Kf2 Kg6 35.Bc3 Nc7 36.Ba5 Nb5
37.Ke3 Kf5 38.Bb4 Ke6 39.f4 Nd4 40.Kd3 Nf5 41.fxe5 fxe5 42.Nf1 b5 43.Ne3 Nxg3
44.Be1 Ne4 45.Ba5 g5 46.hxg5 Nxg5 47.Bd8 Nf3 48.Ng2 Bc6 49.Ke3 Nh2 50.Nh4 Ng4+
51.Ke2 Be4 52.Kd2 Kd5 53.Kc3 Ne3 54.Kb4 Kc6 55.Bg5 Nd5+ 56.Ka5 Kc5 57.Bh6 Nf4
58.Bf8+ Kc4 59.Bb4 Ng2  0-1

[Event "65th ch-GEO w"]
[Site "Tbilisi GEO"]
[Date "2008.03.01"]
[Round "3"]
[White "Khotenashvili,B"]
[Black "Lomineishvili,M"]
[Result "1/2-1/2"]
[WhiteElo "2271"]
[BlackElo "2410"]

1.d4 Nf6 2.c4 e6 3.Nf3 Bb4+ 4.Bd2 c5 5.Bxb4 cxb4 6.e3 b6 7.Bd3 Bb7 8.Nbd2 O-O
9.Qc2 d6 10.O-O Re8 11.Ne4 Nxe4 12.Bxe4 Bxe4 13.Qxe4 Nd7 14.Rfd1 Rc8 15.Rac1 Qc7
16.Qf4 Nf6 17.h3 h6 18.Nd2 e5 19.dxe5 dxe5 20.Qf5 e4 21.Nb3 Re5 22.Qf4 Rce8
23.Rd4 Nh5 24.Qg4 R8e6 25.h4 Nf6 26.Qf4 a5 27.Rcd1 a4 28.Nc1 Nh5 29.Qg4 Rg6
30.Rd8+ Kh7 31.Qc8 Qxc8 32.Rxc8 Rg4 33.Rd5 Rxd5 34.cxd5 Rg6 35.Rd8 b5 36.d6 Nf6
37.Ne2 Ng4 38.Nd4 Rf6 39.g3 a3 40.bxa3 bxa3 41.d7 Rd6 42.Nxb5 Rd1+ 43.Kg2 Ne5
44.Nd4 Kg6 45.f4 exf3+ 46.Nxf3 Ng4 47.e4 Kf6 48.Ra8 Rxd7 49.Ra6+ Ke7 50.Rxa3 Rd1
51.Ra7+ Ke6 52.Ra6+ Ke7 53.a4 Nf6 54.Ra7+ Ke6 55.Ra6+ Ke7 56.e5 Ng4 57.a5 Ra1
58.Nd4 Nxe5 59.Nf5+ Kd7 60.Ra7+ Ke6 61.Nxg7+ Kf6 62.Ne8+ Kf5 63.a6 h5 64.Kf2 Ra3
65.Nd6+ Kg4 66.Ne4 Ra2+ 67.Ke3 Ra3+ 68.Kf2 Ra2+ 69.Ke3 Ra3+ 70.Ke2 Ra2+ 71.Kd1 Kf3
72.Nf6 Kxg3 73.Nxh5+ Kxh4 74.Nf6  1/2-1/2

[Event "XXIII Open"]
[Site "Reykjavik ISL"]
[Date "2008.03.05"]
[Round "3"]
[White "Carlsson,P"]
[Black "Mikhalevski,V"]
[Result "1/2-1/2"]
[WhiteElo "2501"]
[BlackElo "2632"]

1.d4 e6 2.c4 Nf6 3.Nf3 Bb4+ 4.Bd2 c5 5.Bxb4 cxb4 6.g3 O-O 7.Bg2 d6 8.O-O a5
9.a3 Na6 10.Nbd2 Qe7 11.e4 Rd8 12.Qe2 e5 13.axb4 Nxb4 14.c5 exd4 15.cxd6 Qxd6
16.e5 Qe7 17.Qb5 Nfd5 18.Nxd4 b6 19.Qe2 Ba6 20.Nc4 Qc5 21.Qg4 h5 22.Qh4 Bxc4
23.Rfc1 Nd3 24.b3 Nxc1 25.Rxc1 Nc3 26.Rxc3 Rxd4 27.Qxh5 Re8  1/2-1/2

[Event "XXIII Open"]
[Site "Reykjavik ISL"]
[Date "2008.03.05"]
[Round "3"]
[White "Vavrak,P"]
[Black "Meier,Geo"]
[Result "1/2-1/2"]
[WhiteElo "2472"]
[BlackElo "2570"]

1.d4 Nf6 2.c4 e6 3.Nf3 Bb4+ 4.Bd2 Bxd2+ 5.Qxd2 O-O 6.g3 b6 7.Bg2 Bb7 8.Nc3 Ne4
9.Qd3 d5 10.Nd2 Nxc3 11.Qxc3 c5 12.cxd5 Bxd5 13.Bxd5 Qxd5 14.Qf3 Nd7 15.Qxd5 exd5
16.dxc5 bxc5 17.e4 Rfe8 18.O-O-O d4 19.Kc2 Ne5 20.h3 c4 21.Rhf1 Rac8 22.f4 Nc6
23.a3 Na5 24.Rf3 f6 25.Re1 Rc5 26.g4 Nb7 27.e5 Kf7 28.Re4 Rd8 29.e6+ Ke7
30.f5 d3+ 31.Kd1 Rd6  1/2-1/2

[Event "10th WCh-University"]
[Site "Novokuznetsk RUS"]
[Date "2008.03.07"]
[Round "6"]
[White "Zhumabayev,R"]
[Black "Maletin,P"]
[Result "1-0"]
[WhiteElo "2436"]
[BlackElo "2573"]

1.d4 Nf6 2.Nf3 e6 3.c4 Bb4+ 4.Bd2 a5 5.g3 d5 6.Qc2 c5 7.dxc5 d4 8.Bxb4 axb4
9.Bg2 Nc6 10.O-O O-O 11.Nbd2 Qe7 12.Nb3 e5 13.e4 dxe3 14.fxe3 Nd7 15.Kh1 h6
16.Nh4 Nxc5 17.Ng6 fxg6 18.Nxc5 Rxf1+ 19.Rxf1 Bf5 20.Bd5+ Kh8 21.Ne4 Rxa2
22.g4 Bxg4 23.Rf7 Qd8 24.Qb1 Ra8 25.Nf2 Bf5 26.e4 Bd7 27.Nd3 Qe8 28.Qf1 Rd8
29.Nc5 Ne7 30.Nxb7 Nxd5 31.Nxd8 Nf4 32.Qd1 Qxd8 33.Rxd7 Qg5 34.Qf3 Ne6 35.Rd1 Kh7
36.Qf2 Qg4 37.Re1 Nf4 38.c5 Qd7 39.Qe3 Qc6 40.Rc1 Ne6 41.Qd3 Nd4 42.Kg2 Qf6
43.Qe3 h5 44.Rd1 h4 45.Qf2 Qg5+ 46.Kh3 Kg8 47.Rf1 Qd8 48.Qf7+ Kh7 49.Qf8 Qd7+
50.Kxh4 Qc6 51.Re1 Nc2 52.Re2 Nd4 53.Re3 g5+ 54.Kg3 Qh6 55.Qf2 Qh4+ 56.Kg2 Qg4+
57.Qg3 Qd1 58.Qxg5 Qd2+ 59.Kh1 Qc1+ 60.Qg1 Qxc5 61.Rg3 Qc7 62.Qe1 Qc2 63.Re3 Ne6
64.Re2 Qd3 65.Qf2 Nf4 66.Re1 Kg8 67.Qg3 Qc2 68.b3 Qd2 69.Rf1 Qc2 70.Re1 Qd2
71.Rg1 g6 72.Qf3 Kg7 73.Rf1 Qc2 74.Rd1 Kh6 75.h3 Qc8 76.Qg4 Qc2 77.Qh4+ Nh5
78.Rg1 Qd2 79.Qg4 Qd6 80.Qg5+ Kh7 81.Qh4 Qd3 82.Qe7+ Ng7 83.Qxe5 Qxb3 84.Qg3 Qe6
85.Qg4 Qc6 86.Qh4+ Nh5 87.Qe7+ Kh6 88.Qxb4 Qe6 89.Qd2+ Kh7 90.Qe3 Nf6 91.Re1 Qe5
92.Kg2 Kg7 93.Qg3 Qb2+ 94.Kh1 Qb7 95.Qg2 Qb4 96.Qe2 Qc3 97.Qe3 Qe5 98.Qf3 Nh5
99.Kg1 Qg5+ 100.Qg4 Qe5 101.Qd7+ Kh6 102.Qd2+ Kh7 103.Qe3 Nf6 104.Kg2 Nh5
105.Rf1 Nf6 106.Rf4 Kg7 107.Qf3 Qb2+ 108.Qf2 Qe5 109.Rxf6 Qg5+ 110.Kh2 Qe5+
111.Qf4 Qb2+ 112.Kg3  1-0

[Event "ch-UKR Boys u20"]
[Site "Odessa UKR"]
[Date "2008.03.07"]
[Round "3"]
[White "Tishin,D"]
[Black "Polyakov,M"]
[Result "1/2-1/2"]
[WhiteElo "2260"]
[BlackElo "2305"]

1.d4 Nf6 2.c4 e6 3.Nf3 Bb4+ 4.Bd2 Qe7 5.g3 Nc6 6.Bg2 Bxd2+ 7.Nbxd2 d6 8.O-O a5
9.e4 e5 10.d5 Nb8 11.Ne1 O-O 12.Nd3 Na6 13.f4 Bg4 14.Qe1 Bd7 15.a3 c6 16.dxc6 bxc6
17.b4 axb4 18.axb4 Rfb8 19.Ra5 Nc7 20.Qa1 Ng4 21.Re1 f6 22.f5 Rxa5 23.Qxa5 Be8
24.Qa2 Bf7 25.Qc2 Na6 26.Qa4 Nxb4 27.Rb1 c5 28.Bf3 Be8 29.Qa3 Nc2 30.Qc1 Rxb1
31.Qxb1 Nge3 32.Qb8 g6 33.g4 Nd4 34.Kf2 Nxf3 35.Kxf3 Nc2 36.Nb3 Kg7 37.Na5 Nd4+
38.Ke3 Nc6 39.Qb7 Kf8 40.Qxe7+ Kxe7 41.Nxc6+ Bxc6 42.Nc1 Ba4 43.Nd3 Bd1 44.Nf2 Bb3
45.Kd3 Kf7 46.Kc3 Ba4 47.Kd2 Kg7 48.Nd3 Kh6 49.h4 Bb3 50.Nb2 gxf5 51.exf5 Kg7
52.Kd3 h5 53.gxh5 d5 54.cxd5 Bxd5 55.Na4 c4+ 56.Kc3 Be4 57.Kxc4 Bxf5 58.Kd5 Bg4
59.Nc5 Bf3+ 60.Ke6 Bxh5 61.Nd3 Bf7+ 62.Kd6 e4 63.Nf4 Bb3 64.Kc5 f5 65.Kd4 Kf6
66.Nh5+ Kf7 67.Ng3 Bd1 68.Nxf5  1/2-1/2

[Event "TCh-FIN 2007-8"]
[Site "Finland FIN"]
[Date "2008.03.08"]
[Round "8"]
[White "Koskinen,Hen"]
[Black "Mishuchkov,N"]
[Result "1/2-1/2"]
[WhiteElo "2293"]
[BlackElo "2355"]

1.d4 Nf6 2.Nf3 e6 3.c4 Bb4+ 4.Bd2 Bxd2+ 5.Nbxd2 O-O 6.e4 d6 7.Qc2 Nc6 8.a3 e5
9.d5 Ne7 10.Be2 Ng6 11.g3 c5 12.h4 Ng4 13.h5 Ne7 14.Nh4 Nh6 15.f4 f6 16.f5 Bd7
17.Kf2 a6 18.Rag1 b5 19.g4 Nf7 20.Ndf3 Ng5 21.Nxg5 fxg5 22.Nf3 h6 23.Rb1 Qb6
24.Kg3 Rab8 25.b3 Kh8 26.Nd2 Ng8 27.Rhc1 Nf6 28.Bf3 Rfc8 29.Qd3  1/2-1/2

[Event "XXIII Open"]
[Site "Reykjavik ISL"]
[Date "2008.03.08"]
[Round "6"]
[White "Thorfinnsson,Br"]
[Black "Miezis,N"]
[Result "1-0"]
[WhiteElo "2406"]
[BlackElo "2553"]

1.d4 Nf6 2.c4 e6 3.Nf3 Bb4+ 4.Bd2 a5 5.g3 d5 6.Qc2 O-O 7.Bg2 c5 8.dxc5 d4
9.O-O Nc6 10.Rd1 e5 11.Bg5 h6 12.Bxf6 Qxf6 13.Nbd2 Qe7 14.Nh4 Bxc5 15.Rac1 Rd8
16.Bd5 Nb4 17.Qe4 Nxa2 18.Ng6 Qf6 19.Nxe5 Bf5 20.Nxf7 Bxe4 21.Nxe4 Qb6 22.Nxd8+ Kh7
23.Nxb7 Nxc1 24.Nbxc5 Nxe2+ 25.Kf1 Re8 26.Nd3 Qg6 27.f3 Qh5 28.Kxe2 Qxh2+
29.Nf2 Qxg3 30.Rxd4 Qf4 31.Rd3 Qe5 32.b3 h5 33.Kf1 Kh6 34.Bf7 Rf8 35.Rd6+ Kh7
36.Bg6+ Kg8 37.Kg2 h4 38.Rd5 Qf4 39.Bh5 Rb8 40.Rxa5 Rxb3 41.Bg4 Rb6 42.Rf5 Qc1
43.Rd5 Qxc4 44.Rd8+ Kh7 45.Bf5+ g6 46.Rd7+ Kh8 47.Bg4 Rb1 48.Kh3 Qf1+ 49.Kxh4 Rb5
50.Be6 Rh5+ 51.Kg3 Qg1+ 52.Kf4 Qc1+ 53.Kg3 Qg1+ 54.Kf4 Qc1+ 55.Kg3 Qa1 56.Ng4  1-0

[Event "65th ch-GEO w"]
[Site "Tbilisi GEO"]
[Date "2008.03.11"]
[Round "12"]
[White "Khurtsilava,I"]
[Black "Nikoladze,S"]
[Result "1/2-1/2"]
[WhiteElo "2312"]
[BlackElo "2251"]

1.d4 Nf6 2.c4 e6 3.Nf3 Bb4+ 4.Bd2 Bxd2+ 5.Nbxd2 d6 6.Qc2 Nbd7 7.e3 O-O 8.Bd3 Re8
9.g4 Nf8 10.g5 N6d7 11.O-O-O c6 12.h4 e5 13.h5 b5 14.dxe5 dxe5 15.c5 Nxc5
16.Bxh7+ Nxh7 17.Qxc5 Qd5 18.Qc2 Bg4 19.g6 fxg6 20.hxg6 Nf6 21.e4 Qxa2 22.Rh4 Bxf3
23.Nxf3 Qa1+ 24.Qb1 Qxb1+ 25.Kxb1 Kf8 26.Rh8+ Ke7 27.Rxe8+ Rxe8 28.Nxe5 Rc8
29.f3 c5 30.Nf7 Rc6 31.Rd8  1/2-1/2

[Event "Romanian Young Int"]
[Site "Bucharest ROM"]
[Date "2008.03.14"]
[Round "1"]
[White "Georgescu,T"]
[Black "Ogleznev,A"]
[Result "1-0"]
[WhiteElo "2356"]
[BlackElo "2300"]

1.d4 Nf6 2.c4 e6 3.Nf3 Bb4+ 4.Bd2 a5 5.g3 O-O 6.Bg2 Nc6 7.O-O Bxd2 8.Nbxd2 d6
9.e4 e5 10.d5 Nb8 11.Ne1 Re8 12.Nd3 Na6 13.b3 Nc5 14.Qc2 Bg4 15.Rae1 Qc8
16.Nxc5 dxc5 17.f4 Bh3 18.fxe5 Bxg2 19.Kxg2 Rxe5 20.Nf3 Nd7 21.Nxe5 Nxe5
22.Rf5 f6 23.Qc3 Qe8 24.h3 Qe7 25.g4 Re8 26.Qxa5 g6 27.Rxe5 fxe5 28.Rf1 b6
29.Qd2 Rf8 30.Rxf8+ Kxf8 31.g5 Ke8 32.h4 Qd7 33.Kg3 Qf7 34.Qf2 Qe7 35.Qf3 Qd8
36.Qg4 Qa8 37.Qe6+ Kf8 38.Qxe5 Qxa2 39.Qh8+ Ke7 40.Qxh7+ Kd8 41.Qg8+ Kd7
42.Qe6+ Kd8 43.Qxg6 Qxb3+ 44.Kf4 Qxc4 45.Qg8+ Kd7 46.Qe6+ Kd8 47.g6 Qc1+
48.Kf5 Qh6 49.Qg8+  1-0

[Event "TCh-AUT 1st Bundesliga 2007-8"]
[Site "Graz AUT"]
[Date "2008.03.14"]
[Round "9"]
[White "Horvath,Cs1"]
[Black "Rozentalis,E"]
[Result "1/2-1/2"]
[WhiteElo "2530"]
[BlackElo "2567"]

1.d4 Nf6 2.c4 e6 3.Nf3 Bb4+ 4.Bd2 c5 5.Bxb4 cxb4 6.g3 O-O 7.Bg2 d6 8.O-O a5
9.Nbd2 Re8 10.Qc2 e5 11.dxe5 dxe5 12.Rfd1 Qe7 13.Nf1 Qc5 14.Ne3 Be6 15.Ng5 Nc6
16.Nd5 Bxd5 17.Bxd5 Re7 18.e3 g6 19.Rd2 Rae8 20.Ne4  1/2-1/2